| 000 | 00514 a2200181 4500 | ||
|---|---|---|---|
| 020 | _a978-0-14-118776-1 | ||
| 040 |
_aDLC _bDLC |
||
| 082 | 0 | 4 | _a823.912 |
| 100 | _aGeorge Orwell | ||
| 245 | 1 | 0 |
_aNineteen eighty-four : _cGeorge Orwell, Thomas Pynchon, Peter Davison |
| 260 |
_aLondon : _bPenguin, _c2003 |
||
| 300 | _a355 s. | ||
| 490 | 0 | _aPenguin Modern Classics | |
| 650 | 7 | _aScience fiction, English | |
| 700 | 1 |
_aPynchon, Thomas, _d1937- _4ctb |
|
| 700 | 1 |
_aDavison, Peter _4ctb |
|
| 942 |
_cBK _k823.912 ORW _2ddc |
||
| 999 |
_c10737 _d10737 |
||